000
00307nam a22001337a 4500
008
190205b xxu||||| |||| 00| 0 eng d
020
_a
9780534584825
041
_a
eng
080
_2
8th
_a
316
100
_a
50
101
_a
SOC
245
_a
A Concise Introduction to Logic
_c
Hurley,P.J
942
_2
udc
_c
BK
999
_c
53941
_d
53941